000 00717nam a2200229Ia 4500
005 20250508170021.0
008 008 250505s9999 xx 000 0 eng d
020 _a978-1-138-83371-5
037 _aReference
040 _aFEDL
_beng
_cFEDL
041 _aeng
_2eng
084 _a372.21, BRU/RR
_qFEDL
100 _aBruce Tind Ed.
_9782721
245 0 _aRoutledge international handbook of early childhood play
260 _aLondon, UK
_bRoutledge
_c2017
300 _axv, 422p.
365 _aGBP
_b135
490 _aThe Routledge International Handbook Series
700 _a Hakkarainen Pentti Ed. Bredikyte Milda Ed.
_9782722
942 _cREF
_h372.21, BRU/RR
999 _c1398707
_d1398707